000 00379nam a22001697a 4500
005 20250218094520.0
008 160905b xxu||||| |||| 00| 0 eng d
020 _a81-7164-012-5
041 _aeng
082 _a631.417
100 _aMEHRA, R.K.
_93507
245 _aTEXT BOOK OF SOIL SCIENCE
260 _bICAR
_c2016
300 _a484
650 _aAgriculture
942 _cBK
999 _c5206
_d5204